| 000 | 00483nam a2200133Ia 4500 | ||
|---|---|---|---|
| 008 | 170516s9999 xx 000 0 und d | ||
| 245 | _aBeneficial biofilms in marine aquaculture? Linking points of biofilm formation mechanisms in Pseudomonas aeruginosa and Pseudoalteromonas species | ||
| 260 | _bAIMS Bioengineering | ||
| 260 | _c2015 | ||
| 300 | _a:3 | ||
| 650 | _xMedical Technology | ||
| 650 | _xMedtech | ||
| 856 | _uhttp://www.aimspress.com/journal/Bioengineering/2015/3.html | ||
| 999 |
_c330023 _d330023 |
||